000 00433nam a2200145Ia 4500
008 240719s9999 xx 000 0 und d
041 _aeng
082 _a613.2 BOR
100 _aBortz Walter M
245 _aThe Roadmap To 100 The Breakthrough Science Of Living A Long And Healthy Life
260 _aUSA
_bPalgrave Macmillan
_c2010
300 _a246.;P 20 Cm
365 _c
_b25
520 _aGifted By : IMT Faculty Dr.senthil kumar
999 _c41211
_d41211